| 000 | 00685nam a2200229 a 4500 | ||
|---|---|---|---|
| 001 | BRCA_7320 | ||
| 005 | 20190320205807.0 | ||
| 008 | 110712s1919----gw-#######---#000-0#ger-# | ||
| 041 | _ager | ||
| 044 | _agw | ||
| 050 | 4 |
_aPT2642 _b.Z63 1919 |
|
| 100 | 1 |
_aZobeltitz, Fedor von _918103 |
|
| 245 | 1 | 0 |
_aDer Klapperstorchverband _bein Lustspiel-Roman _cvon Fedor von Zobeltitz. |
| 260 |
_aBerlín _bUllstein _cc1919 |
||
| 300 |
_a253 p. _c16 cm. |
||
| 440 | 0 |
_aUllstein Bücher. Eine sammlung zeitgenössischer Romane _918104 |
|
| 500 | _aEstado físico: la cubierta se está desprendiendo | ||
| 500 | _aN10 | ||
| 650 | 1 | 4 |
_aLiteratura Alemana _96160 |
| 902 | _aGFM | ||
| 942 |
_2lcc _cB |
||
| 999 |
_c6996 _d6996 |
||